000 01371cam a22003374i 4500
999 _c396
_d396
001 18499524
003 OSt
005 20190815090633.0
008 150220t20152015miua b 001 0beng
010 _a 2015007393
020 _a9781420513288 (hardcover)
040 _aDLC
_beng
_cDLC
_erda
_dDLC
042 _apcc
043 _ae-po---
082 0 0 _a921 STE
_223
100 1 _aStewart, Gail B.
_q(Gail Barbara),
_d1949-
_eauthor
245 1 0 _aCristiano Ronaldo /
_cby Gail B. Stewart.
264 1 _aFarmington Hills, Mich. :
_bLucent Books,
_c[2015]
300 _a104 pages :
_bcolor illustrations ;
_c23 cm.
336 _atext
_btxt
_2rdacontent
337 _aunmediated
_bn
_2rdamedia
338 _avolume
_bnc
_2rdacarrier
490 0 _aPeople in the News
504 _aIncludes bibliographical references (pages 98-99) and index.
505 0 _aThe very, very best in the world -- An island childhood -- Club Soccer -- The most expensive teenager in Britain -- A move to Spain -- Expanding his reach -- Notes -- For further reading -- Timeline.
600 1 0 _aRonaldo, Cristiano,
_d1985-
650 0 _aSoccer players
_zPortugal
_vBiography.
906 _a7
_bcbc
_corignew
_d1
_eecip
_f20
_gy-gencatlg
942 _2ddc
_cNFIC